Chansons de Coldplay - Mort subite - Statistiques

Statistiques générales
  • Ce quiz a été pris 605 fois
  • Le résultat moyen est 7 sur 20
Answers on the Grid
Answers color-coded by a green-red scale on the quiz's grid according to % correct below.
Paradise
One Day
Yellow
Maps
Christmas Lights
Under Pressure
Fix You
Sacramento
On Top Of The World
In My Place
In The Night
Viva La Vida
Fun
Remember
Lovers in Japan
Trouble In Town
All My Love
In The Modern World
Perfect
Talk
Let Somebody Go
Fun
You And I
Daddy
So Far
Hypnotised
Charlie Brown
Don't Panic
What You Know
Gods
Higher Power
Confessions nocturnes
What If
Birds
Never
Madness
 
Statistiques - réponses
Réponse % Correct
Paradise
97%
Yellow
85%
Viva La Vida
76%
Fix You
67%
Higher Power
36%
In My Place
35%
Let Somebody Go
34%
Birds
31%
Charlie Brown
31%
All My Love
27%
Don't Panic
26%
Christmas Lights
24%
Lovers in Japan
22%
Talk
21%
Hypnotised
18%
What If
16%
Daddy
14%
Trouble In Town
14%
Fun
13%
Fun
12%
Aucun quiz correspondant
Distribution des résultats
% des personnes avec chaque résultat
Percentile par nombre de réponses
Votre historique - résultats
Vous n’avez pas pris ce quiz